000
00328nam a22001457a 4500
003
OSt
005
20211231125750.0
008
211231b |||||||| |||| 00| 0 eng d
020
_a
108177226061
040
_c
HU
082
_a
006.7
100
_a
Gupta
_9
1644
245
_a
Comdex Multimedia & Web Design
942
_2
ddc
_c
BOOKS
_n
0
999
_c
25534
_d
25534